Personnages Fairy Tail - Statistiques

Statistiques générales
  • Ce quiz a été pris 533 fois
  • Le résultat moyen est 49 sur 218
Statistiques - réponses
Hint Réponse % Correct
Fairy Tail Lucky
98%
Exceed Lucky
98%
Fairy Tail Natsu
98%
Fairy Tail Lucy
97%
Fairy Tail Erza
95%
Fairy Tail Grey
95%
Fairy Tail Happy
89%
Fairy Tail Carla
85%
Fairy Tail Makarof
83%
Fairy Tail Luxus
80%
Fairy Tail Mirajane
77%
Fairy Tail Gajeel
73%
Fairy Tail Mavis
73%
Fairy Tail Elfman
72%
Fairy Tail Juvia
68%
Esprit Léo
67%
Fairy Tail Lisana
67%
Crime Sorciere Jellal
64%
Saber Tooth Sting
64%
Fairy Tail Kana
63%
Saber Tooth Rogue
63%
Blue Pegasus Eave
61%
Esprit Aquarius
57%
Fairy Tail Ever Green
51%
Fairy Tail Levy
51%
Fairy Tail Romeo
51%
Crime Sorciere | Grimoire Heart Ultia
51%
Saber Tooth Minerva
50%
Fairy Tail Fried
48%
Esprit Virgo
48%
Fairy Tail Jet
46%
Esprit Scorpio
46%
Esprit Taurus
46%
Fairy Tail Droy
45%
Mermaid Heel Kagura
45%
Fairy Tail Panther Lily
45%
Esprit Aries
44%
Esprit Cancer
44%
Saber Tooth Frosh
43%
Esprit Gemini
43%
Fairy Tail Wakaba
43%
Esprit Caprico
42%
Lamia Scale Cherry
42%
Saber Tooth Yukino
42%
Fairy Tail Bixrow
41%
Dragon Grandine
40%
Esprit Sagittarius
40%
Esprit Pisces
38%
Saber Tooth Lector
37%
Blue Pegasus Hibiki
36%
Crime Sorciere | Grimoire Heart Meldy
36%
Dragon Metalicana
36%
Dragon Acnologia
35%
Grimoire Heart Hades
35%
Esprit Plu
35%
Blue Pegasus Ren
35%
Fairy Tail Max
34%
Fairy Tail Biska
32%
Mermaid Heel Miliana
32%
Fairy Tail Arzak
31%
Oracion Seis Midnight
31%
Exceed Mar
30%
Cousine d'une blonde Michelle
30%
Saber Tooth Rufus
30%
Quatro Cerberos Bacchus
29%
Blue Pegasus Bob
29%
Mage noir Zeref
29%
Blue Pegasus Jenny
28%
Phantom Lord José
28%
Fairy Tail Kinana
28%
Lamia Scale Lyon
28%
Saber Tooth Orga
27%
Dragon Igneel
26%
Fairy Tail Precht
26%
Oracion Seis Brain
25%
Lamia Scale Cherrya
25%
Love & Lucky Jude
25%
Love & Lucky Layla
25%
Esprit Horologium
24%
Fairy Tail Nab
24%
Fairy Tail Yuri
24%
Phantom Lord Sol
23%
Dragon | Mère d'une rousse Eileen
22%
Esprit Lyra
22%
Oracion Seis Racer
22%
Blue Pegasus Ichya
20%
Phantom Lord Totomaru
19%
Oracion Seis Zero
19%
Fairy Tail Asuka
18%
Grimoire Heart Azuma
17%
Blue Pegasus Karen
17%
Fairy Tail Mest
17%
Tartaros Silver
17%
Fairy Tail Wandy
17%
Esprit Krux
16%
Esprit Roi des esprit
16%
Eisen Wald Eligoal
15%
Tartaros E.N.D.
15%
Oracion Seis Erick
15%
Tartaros Jackal
15%
Tartaros Kyoka
15%
Raven Tail Iwan
13%
Lamia Scale Jera
13%
Exceed Nichiya
13%
Fairy Tail Polyussica
13%
Fairy Tail Readers
13%
Dragon Atlas Flamme
12%
Eisen Wald Kageyama
12%
Phantom Lord Alya
11%
Orochi's Fin Bluenote
11%
Saber Tooth Jienma
11%
Grimoire Heart Kain
11%
Esprit Lybra
11%
Fairy Tail Rob
11%
Tartaros Seila
11%
Grimoire Heart Zancrow
11%
Lamia Scale Ohba Baba
10%
Oracion Seis Richard
10%
Mairmed Heel Risley
10%
Grimoire Heart Rustyrose
10%
Fairy Tail Visitor
10%
Titan Nose Bora
9%
Edolas Sugar Boy
9%
Tartaros Tempester
9%
Raven Tail Ohbra
8%
Quatro Cerberos Rocker
8%
Fairy Tail Volen
8%
Quatro Cerberos Warcry
8%
Exceed Chagot
7%
Edolas Faust
7%
Quatro Cerberos Jager
7%
Fairy Tail Maccao
7%
Grimoire Heart Zoldio
7%
Dragon Baislogia
6%
Tartaros Ezer
6%
Raven tail Frea
6%
Quatro Cerberos Golmine
6%
Assassins Skulls Owl
6%
Esprit Pyxis
6%
Fairy Tail Worlod
6%
Dragon Belserion
5%
Esprit Caelum
5%
Saber Tooth Dobengal
5%
Saber Tooth Fingers
5%
Edolas Hughes
5%
Quatro Cerberos Joy
5%
Tartaros Keith
5%
Raven Tail Kurohebi
5%
Tartaros Lamy
5%
Raven Tail Nalpuding
5%
Eisen Wald Rayure
5%
Tartaros Trafzer
5%
Grimoire Heart Yomazu
5%
Twilight Ogre Banaboster
4%
Tartaros Franmars
4%
Grimoire Heart Kawazu
4%
Edolas Koko
4%
Dragon Mother Grea
4%
Exceed Nady
4%
Quatro Cerberos Nobarly
4%
Fairy Tail Rita
4%
Quatro Cerberos Semus
4%
Phantom Lord Sue
4%
Assassins Skulls Vidaldus
4%
Eisen Wald Billard
3%
Twilight Ogre Ginger
3%
Esprit Ophiucus
3%
Dragon Scissor
3%
Twilight Ogre Thibo
3%
Dragon Animus
2%
Phantom Lord Bose
2%
Tartaros Crowford
2%
Oracion Seis Cuberios
2%
Esprit Deneb
2%
Oracion Seis Kurodoa
2%
Cait Shelter Lowbawl
2%
Esprit Polaris
2%
Dragon Rivaia
2%
Edolas Bayro
1%
Exceed Béllétocat
1%
Exceed Clap
1%
Exceed Cloupsy
1%
Carbuncle Coordinateur
1%
Dragon Dragon de pierre
1%
Dragon Elefseria
1%
Quatro Cerberos Geese
1%
Phantom Lord Geoffrey
1%
Exceed Gogotora
1%
Dragon Jikonis
1%
Eisen Wald Karraka
1%
Diabolos Kyria
1%
Tartaros Maid
1%
Exceed Martum
1%
Exceed Mezyl
1%
Exceed Monmo
1%
Exceed Mysderoy
1%
Exceed Sarval
1%
Fairy Tail Shitou
1%
Dragon Skiadrame
1%
Oracion Seis Soprano
1%
Tartares Yakudriga
1%
Mairmed Heel Beth Alanya
0%
Carbuncle Canon
0%
Carbuncle Chase
0%
Eisen Wald Diseur
0%
Dragon Dragon Sombre
0%
Carbuncle Dyst
0%
Eisen Wald Gobelin
0%
Assassins Skulls Hikagura
0%
Eisen Wald Jumeaux
0%
Diabolos Madmorl
0%
Exceed Mutant
0%
Eisen Wald Poulet
0%
Diabolos Skarion
0%
Lamia Scale Yuki Toby
0%
Aucun quiz correspondant
Distribution des résultats
% des personnes avec chaque résultat
Percentile par nombre de réponses
Votre historique - résultats
Vous n’avez pas pris ce quiz